Материалы двенадцатой научно-практической конференции по проблемам механики и машиностроения, [июль 2001 г.] (Запись № 635987)

Подробности
000 -МАРКЕР
контрольное поле 01698nam0a2200301 4500
001 - ИДЕНТИФИКАТОР ЗАПИСИ
контрольное поле RU\NLR\bibl\417169
005 - ИДЕНТИФИКАТОР ВЕРСИИ
контрольное поле 20260407085733.0
035 ## - ДРУГИЕ СИСТЕМНЫЕ НОМЕРА
Идентификатор записи (NLR Aleph) 000411156
100 ## - ДАННЫЕ ОБЩЕЙ ОБРАБОТКИ
Данные общей обработки 20030707d2002 |||y0rusy50 ca
101 0# - ЯЗЫК РЕСУРСА
Язык текста, звукозаписи и т.д. русский
102 ## - СТРАНА ПУБЛИКАЦИИ ИЛИ ПРОИЗВОДСТВА
Страна публикации российская федерация
105 ## - ПОЛЕ КОДИРОВАННЫХ ДАННЫХ: ТЕКСТОВЫЕ МАТЕРИАЛЫ, МОНОГРАФИЧЕСКИЕ
Кодированные данные о монографическом текстовом документе a |||||||||
200 1# - ЗАГЛАВИЕ И СВЕДЕНИЯ ОБ ОТВЕТСТВЕННОСТИ
Основное заглавие Материалы двенадцатой научно-практической конференции по проблемам механики и машиностроения, [июль 2001 г.]
Первые сведения об ответственности Под ред. проф. Дворникова Л.Т.
210 ## - ПУБЛИКАЦИЯ, РАСПРОСТРАНЕНИЕ И ДР.
Место издания, распространения и т.д. Новокузнецк
Имя издателя, распространителя и т. д. СибГИУ
Дата издания, распространения и т.д. 2002
215 ## - ФИЗИЧЕСКАЯ ХАРАКТЕРИСТИКА
Специфическое обозначение материала и объем 219 с.
Другие сведения о физической характеристике ил.
Размеры 20
300 ## - ОБЩИЕ ПРИМЕЧАНИЯ
Текст примечания В надзаг.: М-во образования Рос. Федерации, Кузбас. науч. центр Сиб. отд-ния Междунар. акад. наук высш. шк., Сиб. гос. индустр. ун-т
320 ## - ПРИМЕЧАНИЯ О НАЛИЧИИ В ДОКУМЕНТЕ БИБЛИОГРАФИИ / УКАЗАТЕЛЯ
Текст примечания Библиогр. в конце ст.
606 0# - НАИМЕНОВАНИЕ ТЕМЫ КАК ПРЕДМЕТ
Наименование темы Механизмы
Формальный подзаголовок Съезды, совещания и т.п.
Тематический подзаголовок Теория
Системный номер авторитетной/нормативной записи 1046438
Идентификатор авторитетной/нормативной записи RU\NLR\auth\6685734
606 0# - НАИМЕНОВАНИЕ ТЕМЫ КАК ПРЕДМЕТ
Наименование темы Машин и механизмов теория
Формальный подзаголовок Съезды, совещания и т.п.
Системный номер авторитетной/нормативной записи 2086099
Идентификатор авторитетной/нормативной записи RU\NLR\auth\661262226
606 0# - НАИМЕНОВАНИЕ ТЕМЫ КАК ПРЕДМЕТ
Наименование темы Машиностроение
Формальный подзаголовок Съезды, совещания и т.п.
Системный номер авторитетной/нормативной записи 1221571
Идентификатор авторитетной/нормативной записи RU\NLR\auth\66178864
686 ## - ИНДЕКСЫ ДРУГИХ КЛАССИФИКАЦИЙ
Индекс К4я431
710 12 - НАИМЕНОВАНИЕ ОРГАНИЗАЦИИ - ПЕРВИЧНАЯ ОТВЕТСТВЕННОСТЬ
Начальный элемент ввода Научно-практическая конференция по проблемам механики и машиностроения
Порядковый номер временной организации и / или порядковый номер ее части 12
Дата проведения временной организации 2001
Место проведения временной организации Новокузнецк
Идентификатор авторитетной/нормативной записи RU\NLR\AUTH\8810047083
Системный номер авторитетной/нормативной записи 593933
801 #0 - ИСТОЧНИК ЗАПИСИ
Страна российская федерация
Организация NLR
Дата составления 20030707
Правила каталогизации PSBO
801 #1 - ИСТОЧНИК ЗАПИСИ
Страна российская федерация
Организация NLR
Дата составления 20030707
942 ## - ДОПОЛНИТЕЛЬНЫЕ ЭЛЕМЕНТЫ ЗАПИСИ (АБИС)
Тип экземпляра АБИС Книга
980 ## - КОЛЛЕКЦИЯ
Название коллекции Национальная библиография
Экземпляры
Тип экземпляра Дата поступления Источник поступления Библиотека постоянного хранения Библиотека текущего хранения Место хранения Шифр хранения Штрих-код Статус не для выдачи
Книга 07.07.2003 Контрольный экземпляр из типографии РНБ (Московский) РНБ (Московский) Русский книжный фонд: издания с 1957 года, 3этаж 2003-3/16902 513021